00538nam a22002057a 450000500170000001000110001702000100002803500110003803700160004904000120006508200200007710000200009724500590011726000350017627000380021130000240024950000200027365000150029365000240030820170124110011.0 a735344 c00.00 a735344 bCen Lib/Ret aDPLbEN a370.190954bMEH aMehta, Sushila  aSchool and the community in India :cby Sushila Mehta  aNew DelhibS. Chand & coc1974 bNew Delhia4/16-B, Asaf ali road  aix, 250p.c21cm(Hb) aIncludes index  aEducation  aCommunity education